00646nam a2200157 a 450000100100000000500170001000800410002704000250006810000330009324500930012626000770021930000280029650000420032495201050036699900170047100003827120201002031219.0130405s1988 dr a 000 0 spa d aDO-SdBNPbspacBNPHU1 aAbreu L., Luz María96464010aCon las campesinas :breflexiones sobre mujer rural y desarrollo /cLuz María Abreu L. aSanto Domingo :bCentro Dominicano de Estudios de la Educación,c1988. a124 p. :bils ;c23 cm. aIncluye notas al pie de las páginas 0010718PDaPDbPDcCTd2013-04-05iLF1l0o p38271-10r2020-06-25w2020-06-25yLFPDZNo se presta c37761d37761